01020nam a22002777a 4500999001500000001000600015003000900021005001700030008004100047020001500088040002800103082002100131245011600152250001200268260003300280300003900313500002000352505001100372650002400383650002500407700002500432700002700457942001200484952012300496952012300619 c7463d746321104BD-DhUAP20210123115438.0201202s1990 enka b 001 0 eng  a082478300X aDLCcDLCdBD-DhUAPbeng 223a615.1901 PHA aPharmaceutical dosage forms : btablets /cedited by Herbert A. Lieberman, Leon Lachman and Joseph B. Schwartz. a2nd ed. aNew York :bDekker, cc1990. avolumes :billustrations ;c26 cm. aIncludes index. aV. 3-- aTablets (Medicine). aDrugsvDosage forms. aAugsburger, Larry L. aLieberman, Herbert A.  2ddccBK 00102ddc4070aUAPCLbUAPCLcGeneral Stacksd2021-01-23o615.1901 PHA V-3p3010021104r2021-01-23t1w2021-01-23yBK 00102ddc4070aUAPCLbUAPCLcReserve Stacksd2021-01-26o615.1901 PHA V-3p3010010145r2021-01-26t2w2021-01-26yBK